Регионална библиотека "Любен Каравелов" - Русе

Palekh (Запис номер 210194)

MARC детайли
000 -Лидер
Контролно поле с фиксирана дължина 01768nkm a2200397 c 4500
003 - Код на организацията, давaща контролен номер
Контролно поле BLK
005 - Дата и час на последна редакция
Контролно поле 20200429154645.0
008 - Елементи от данни с фиксирана дължина
fixed length control field 180412b bul rap|r|||| r0| ||bulo|
010 ## - Наследен системен номер
LC control number KNG00162915000
020 ## - Международен стандартен номер на книга ISBN
Международен стандартен номер на книга ISBN 5-85200-182-1
040 ## - Източник на каталожния запис
Идентификатор на билиотеката - собственик на записа BLK
041 ## - Код за език
Код за езика на текст/звукозапис или на отделно заглавие Английски
Код за езика КДБФ Английски
Други езици Руски
080 ## - УДК
Текстов определител УДК Художествена обработка на дърво - Обгаряне (пирография), мозайка (интарзия), стругуване, резбарство, лакиране (Палех, Холуй, Жостово, Мстера, Федоскин
УДК код - определител по УДК 745.51
УДК определител (470)(47+57):069
УДК - код + определител 745.51(470)(47+57):069
139 ## - Редно поле
Редна дума Palekh
Авторски знак Pal - P 17
Feature heading П 15
245 10 - Сведения за заглавието
Заглавие Palekh
Подзаглавни данни The State Museum of Palekh Art
Редно поле (дума) comp. by Vitaly Kotov; comp. by Larisa Taktashova; Виталий Тимофеевич Котов; Лариса Ефимовна Такташова.
250 ## - Област на изданието
Сведения за изданието 3. ed.
257 ## - Страна на издаване
Страна на създаване/издаване СССР
260 ## - Област на издателските данни
Име на издателя, разпространителя и проч. Izobrazitelnoye iskusstvo
Година на издаване 1990
300 ## - Физическа характеристика
Страници 320 p.
Илюстрации и др. ill.
Размери/Мащаб 30 cm
380 ## - Жанр
Жанр Изкуство
500 ## - Общи забележки
Забележка Списък на авт. на палех.
650 #4 - Допълнително описание по предмет – тема
Основно описание – тема или топоним Художествена обработка на дърво
9 (RLIN) 314029
651 #4 - Допълнително описание по предмет - топоним
Географско понятие Русия
9 (RLIN) 179465
653 ## - Ключова дума – ненормативна
Ключова дума Палех
653 ## - Ключова дума – ненормативна
Ключова дума Русия
653 ## - Ключова дума – ненормативна
Ключова дума лакови миниатюри
700 1# - Други автори (авторска отговорност)
Лично име Kotov, Vitaly
Автороска отговорност (Описва отношението между автора и произведението) comp. by
9 (RLIN) 15780
700 1# - Други автори (авторска отговорност)
Лично име Taktashova, Larisa
Автороска отговорност (Описва отношението между автора и произведението) comp. by
9 (RLIN) 25850
700 1# - Други автори (авторска отговорност)
Лично име Котов, Виталий Тимофеевич
9 (RLIN) 352338
700 1# - Други автори (авторска отговорност)
Лично име Такташова, Лариса Ефимовна
9 (RLIN) 127399
852 ## - Местоположение
Форматна сигнатура Цб Гр А ІІ 3723
856 4# - Електронен адрес и достъп
Електронен формат pdf - файл
Път до файла /url/
856 4# - Електронен адрес и достъп
Електронен формат pdf - файл
Път до файла /url/
999 ## - СИСТЕМНИ КОНТРОЛНИ НОМЕРА
Koha biblionumber 210194
Koha biblioitemnumber 210194
942 ## - АРТИКУЛИ
Вид на библиотечния материал Графични издания
Скрит в OPAC Не
Периодичен библиозапис Да
944 ## - СЪЗДАВАНЕ И РЕДАКЦИЯ на ЗАПИСА
Създаване/Редакция Създаване
Дата на регистрацията/редакция 10.07.2014
Статус, дата на статуса 10.07.2014 - от С1,Р / 10.07.2014
Служител, извършил регистрацията/редакцията Камелия_Данева
944 ## - СЪЗДАВАНЕ И РЕДАКЦИЯ на ЗАПИСА
Създаване/Редакция Редакция
Дата на регистрацията/редакция 10.07.2014
Статус, дата на статуса 10.07.2014 - от С1,Р / 10.07.2014
999 ## - СИСТЕМНИ КОНТРОЛНИ НОМЕРА
Koha biblioitemnumber 210194
Наличности
Код за отписване Код за изгубен артикул Източник на класификационната схема Код за повреда Коз за рестрикции Код за отдаване Артикулен № Име на библиотеката - собственик Име на библиотеката, в която се намира в момента Статус (Текущо местоположение) Дата на вписване в системата Местоположение - отдел Цена в лева Инвентарен номер Систематично азбучна сигнатура Баркод Номер на екземпляра Цена в евро Служебна бележка Служебен тип на артикула
  Не е изгубен Universal Decimal Classification Не е повреден без рестрикции заемане за дома 361704 Регионална библиотека "Любен Каравелов" Русе Регионална библиотека "Любен Каравелов" Русе Отдел Изкуство - подръчен фонд 1990-01-01 Отдел Изкуство - подръчен фонд 13.00 535068 745/749/П 15 120000535068 1 6.65 Дост: Pk Вид: Ф N: стар фонд Дата: 01.01.1990 Дата инв: 03.06.2015 Бележки инв: ГрИ2015 Графични издания
Vip Innovations Ltd, Rousse, Bulgaria 2025